| 000 -LEADER |
| fixed length control field |
00711nam a22002297a 4500 |
| 008 - FIXED-LENGTH DATA ELEMENTS--GENERAL INFORMATION |
| fixed length control field |
150709b xxu||||| |||| 00| 0 alb d |
| 020 ## - INTERNATIONAL STANDARD BOOK NUMBER |
| International Standard Book Number |
9789951437141 |
| 020 ## - INTERNATIONAL STANDARD BOOK NUMBER |
| International Standard Book Number |
9789951560061 |
| 041 0# - LANGUAGE CODE |
| Language code of text/sound track or separate title |
alb |
| 080 ## - UNIVERSAL DECIMAL CLASSIFICATION NUMBER |
| Universal Decimal Classification number |
72.036 |
| Common auxiliary subdivision |
(496.51) |
| 100 ## - Rafti |
| Rafti |
Beqaj, Binak ; |
| 245 ## - TITLE STATEMENT |
| Title |
Menaxhimi urban : |
| Statement of responsibility, etc |
Binak Beqaj. |
| 260 ## - |
| -- |
Prishtine : |
| -- |
Universiteti për Biznes dhe Teknologji ; |
| -- |
2007. |
| 300 ## - |
| -- |
150 f. : |
| -- |
me il. ; |
| -- |
21 cm. |
| 505 ## - |
| -- |
Shënime për autorin : f.3 |
| 505 ## - |
| -- |
Shkurtesat dhe indeksi i terminologjive : f. 141-143. |
| 505 ## - |
| -- |
Literatura : f. 145-150 |
| 650 #0 - |
| -- |
Urbanizim |
| 650 #0 - |
| -- |
Planifikim |
| 650 #0 - |
| -- |
Ndërtim |
| 942 ## - ADDED ENTRY ELEMENTS (KOHA) |
| Source of classification or shelving scheme |
|
| Item type |
Books |